00443nam a2200169Ia 4500999001700000003000400017005001700021008004100038040000900079082002200088100002200110245003600132260003300168300000900201650001300210942005000223 c27867d27867OSt20210106110436.0190216s9999||||xx |||||||||||||| ||und|| coclc a894.812301bTOL/T aTolstoy, Leo9257 0aTolstoy Kathakal /cLeo Tolstoy bDc Books,a Kottayam:c2000. a211p aKathakal cBK2ddch894.812301iTOL/Tk894.812301mTOL/T